000 00303nam a22001337a 4500
008 170717b xxu||||| |||| 00| 0 eng d
020 _a9780745607849
041 _aeng
080 _a2
100 _a24
101 _aTEO
245 _aJESUS AND THE JUDAISM OF HIS TIME
_cZEITLIN,I.M
942 _2udc
_cBK
999 _c21291
_d21291